Code of measuring practice in Europe (Record no. 100258)

MARC details
000 -LEADER
fixed length control field 01014cam a2200361 4500
001 - CONTROL NUMBER
control field J60715
008 - FIXED-LENGTH DATA ELEMENTS--GENERAL INFORMATION
fixed length control field 000000n1996 000 0 eng u
035 ## - SYSTEM CONTROL NUMBER
System control number (Sirsi) u104473
041 ## - LANGUAGE CODE
Language code of text/sound track or separate title eng
050 ## - LIBRARY OF CONGRESS CALL NUMBER
Classification number 692.3094
-- 18
110 ## - MAIN ENTRY--CORPORATE NAME
Corporate name or jurisdiction name as entry element European Society of Chartered Surveyors
9 (RLIN) 2629
245 ## - TITLE STATEMENT
Title Code of measuring practice in Europe
Remainder of title a consultation document
260 ## - PUBLICATION, DISTRIBUTION, ETC.
Place of publication, distribution, etc. Brussels
Name of publisher, distributor, etc. European Society of Chartered Surveyors
Date of publication, distribution, etc. 1996
300 ## - PHYSICAL DESCRIPTION
Extent Ca. 250p.
Dimensions 30cm.
520 ## - SUMMARY, ETC.
Summary, etc. Includes copies of 10 countries'codes of measuring practice.
650 ## - SUBJECT ADDED ENTRY--TOPICAL TERM
Topical term or geographic name entry element ACCURACY
650 ## - SUBJECT ADDED ENTRY--TOPICAL TERM
Topical term or geographic name entry element RICS CODE OF MEASURING PRACTICE
650 ## - SUBJECT ADDED ENTRY--TOPICAL TERM
Topical term or geographic name entry element Measurement
9 (RLIN) 6256
650 ## - SUBJECT ADDED ENTRY--TOPICAL TERM
Topical term or geographic name entry element METRICATION
650 ## - SUBJECT ADDED ENTRY--TOPICAL TERM
Topical term or geographic name entry element RESIDENTIAL PROPERTY
9 (RLIN) 6266
650 ## - SUBJECT ADDED ENTRY--TOPICAL TERM
Topical term or geographic name entry element SHOPS
650 ## - SUBJECT ADDED ENTRY--TOPICAL TERM
Topical term or geographic name entry element EUROPE
650 ## - SUBJECT ADDED ENTRY--TOPICAL TERM
Topical term or geographic name entry element BELGIUM
650 ## - SUBJECT ADDED ENTRY--TOPICAL TERM
Topical term or geographic name entry element DENMARK
650 ## - SUBJECT ADDED ENTRY--TOPICAL TERM
Topical term or geographic name entry element FRANCE
650 ## - SUBJECT ADDED ENTRY--TOPICAL TERM
Topical term or geographic name entry element IRELAND
650 ## - SUBJECT ADDED ENTRY--TOPICAL TERM
Topical term or geographic name entry element NETHERLANDS
650 ## - SUBJECT ADDED ENTRY--TOPICAL TERM
Topical term or geographic name entry element PORTUGAL
650 ## - SUBJECT ADDED ENTRY--TOPICAL TERM
Topical term or geographic name entry element SPAIN
650 ## - SUBJECT ADDED ENTRY--TOPICAL TERM
Topical term or geographic name entry element UNITED KINGDOM
690 ## - LOCAL SUBJECT ADDED ENTRY--TOPICAL TERM (OCLC, RLIN)
Topical term or geographic name as entry element MAPPING AND MEASUREMENT
942 ## - ADDED ENTRY ELEMENTS (KOHA)
Suppress in OPAC 0
Holdings
Withdrawn status Lost status Source of classification or shelving scheme Damaged status Not for loan Home library Current library Shelving location Date acquired Total Checkouts Full call number Barcode Date last seen Copy number Price effective from Koha item type
    Dewey Decimal Classification     London London RICS Boxes 29/02/2000   RICS 1996/121 30060715 06/08/2019 1 06/08/2019 Archive